| 000 | 01597nam0a22003611 4500 | ||
|---|---|---|---|
| 001 | rc\80918 | ||
| 005 | 20260406051951.0 | ||
| 010 |
_a5-900924-04-1 _dб.ц. _93000 |
||
| 021 |
_aRU _b96-32451 |
||
| 035 | _a(NLR Aleph) 005350559 | ||
| 090 |
_a6792203 _c6792203 |
||
| 100 | _a20021216d1996 |||y0rusy50 ca | ||
| 101 | 0 | _arus | |
| 102 | _aRU | ||
| 105 | _aa z|||||||| | ||
| 200 | 1 |
_aБолотно-луговая охота со спаниелем _fН.Б. Патрикеев _gоформление и рисунки В. Романова |
|
| 210 |
_aХанты-Мансийск _cНИК _dб.г. (1996) |
||
| 215 |
_a125, [1] с. _cил. _d20 |
||
| 225 | 1 | _aБиблиотечка журнала "Югра" | |
| 300 | _aИздано на средства Экологического фонда Ханты-Мансийского автономного округа | ||
| 320 | _aБиблиогр. трудов Н.Б. Патрикеева: с. 122-125 (70 назв.) | ||
| 606 | 1 |
_aОхотничьи собаки _91493281 _3RU\NLR\AUTH\66643638 |
|
| 606 | 1 |
_aСпаниели _91855906 _3RU\NLR\AUTH\66841355 |
|
| 606 | 1 |
_aОхота со спаниелем _yСибирь Северо-Западная _92080536 _3RU\NLR\AUTH\661256476 |
|
| 686 | 0 |
_aП673.39-611 _2rubbk |
|
| 686 | 0 |
_aП711.524(2Р53) _2rubbk |
|
| 700 | 1 |
_8rus _7ca _aПатрикеев _bН. Б. _f1932 - _gНовомир Борисович _3RU\NLR\AUTH\777096 _9117035 |
|
| 801 | 0 |
_aRU _bNLR _gpsbo |
|
| 801 | 1 |
_aRU _bELAR _2rusmarc |
|
| 801 | 2 |
_aRU _bNLR _c20170309 _2rusmarc |
|
| 852 |
_aNLR _j96-3/11494 |
||
| 942 | _cBOOK | ||
| 980 | _aNB | ||